| 000 | 01194nam a2200169 a 4500 | ||
|---|---|---|---|
| 001 | 000046727 | ||
| 005 | 20201002053058.0 | ||
| 008 | 180320s2015 dr 000 0 spa d | ||
| 040 |
_aDO-SdBNP _bspa _cBNPHU |
||
| 082 |
_axx _bxx |
||
| 110 | 2 |
_aRepública Dominicana _bMinisterio de Hacienda. Dirección Nacional de Presupuesto _974660 |
|
| 245 | 1 | 0 | _aPresupuesto ejecutado, 2015. |
| 260 |
_aSanto Domingo : _bDIGEPRES, _c2015. |
||
| 300 |
_av. ; _c28 cm. |
||
| 505 | 0 |
_av. 1. _tGobierno Central _tInformación sobre los ingresos -- _tInformación sobre los gastos -- _tInformación sobre el financiamiento -- _tEjecución del gasto consolidado por institución -- _tPoder Legislativo -- _tPoder Ejecutivo -- _tOrganismos especiales -- _tCategorías Institucionales -- _tOtros detalle de gastos -- _gv. 2. _tinstituciones descentralizadas autónomas no financieras y de las públicas de la seguridad social -- _tEjecución de ingresos y gastos de las instituciones descentralizadas autónomas no financieras _tDistribución institucional del gasto -- _tEjecución de ingresosy gastos de las instituciones públicas de la seguridad social _tDistribución institucional del gasto |
|
| 590 | _aInventariado, 2018 /VM | ||
| 999 |
_c46216 _d46216 |
||